000 00834cam a2200229Ma 4500
001 40562
005 20230410132942.0
008 030604s1997 bl 000 0 por d
035 _a(OCoLC)55906003
050 1 4 _aB 3105
_bS373c 1997
100 1 _aSchopenhauer, Arthur,
_d1788-1860.
245 1 0 _aComo vencer um debate sem precisar ter razao :
_bem 38 estratagemas (dialética erística) /
_cArthur Schopenhauer ; introducao, notas e comentarios de Olavo de Carvalho.
260 _aRio de Janeiro :
_bTopbooks,
_c1997.
300 _a258 p.
650 0 _aPhilosophy, German
_y19th century.
600 1 7 _aSchopenhauer, Arthur,
_d1788-1860.
_2larpcal
650 7 _aFilosofía contemporánea
_zAlemania.
_2larpcal
700 1 _aCarvalho, Olavo,
_ecoment.
700 1 _aCaldas, Daniela,
_etrad.
942 _2lcc
_cbk
994 _aC0
_bDRFGD
999 _c90765
_d90765